000 02049cam a22004814i 4500
003 PE-LiUPU
005 20250731172935.0
008 150623s r 000 0 d
020 _a0802843735
035 _a(Sirsi) i9780802843739
040 _aPE-LiUPU
_bspa
_cPE-LiUPU
_erda
049 _aPRUA
082 0 4 _a261.83423
_bD33
_221
100 1 _aDawn, Marva J.,
_eautor.
245 1 0 _aIs it a lost cause? having the heart of god for the church's children /
_cMarva J. Dawn.
264 1 _aMichigan :
_bWilliam B. Eerdmans Publishing Company,
_c1997.
300 _a256 páginas ;
_c23 centímetros
336 _atext
_2rdacontent
337 _aunmediated
_2rdamedia
338 _avolume
_2rdacarrier
504 _aIncluye bibliografia.
505 0 _aTo heart of the world. -The heart of God revealed in the scriptures. -The heart of God revelead through the church as parallel society. -The heart of God revealed in worship. -The pastoral heart. -The parental heart. -No pain, no way. -"Santa claus is coming to town". -"Amusing ourselves to death". -L.I.A.R. -First class violence. -"Four weddings and a funeral". -Epilogue:_ no, it's not a lost cause if ..
526 _aSEG42
526 _aSEG41
526 _aSEG40
526 _aSEG39
526 _aP94
526 _aP87
526 _aP86
526 _aP85
526 _aP77
526 _aP76
526 _aP35
650 0 4 _aCristianismo y cultura
_zEstados Unidos.
650 0 4 _aEstados Unidos
_xIglesia
_xHistoria
_ySiglo XX.
650 0 4 _aEvangelismo infantil
_zEstados Unidos.
942 _2ddc
_cBOOK
949 _a261.83423 D33
_wDEWEY
_c1
_i44379
_lCCODEBUL1
_mBUL
_p16.00
_r0
_sY
_tBOOK
_u2015-6-24
_xTEOLOGIA
_PP35
_0COMPRA
_o.STAFF. Colección General
994 _aC0
_bPEPRU
596 _a1
999 _a261.83423 D33
_wDEWEY
_c21259
_i44379
_f2021-11-10
_g5
_lCCODEBUL1
_mBUL
_p16.00
_r0
_sY
_tBOOK
_u2015-6-24
_xTEOLOGIA
_PP35
_0COMPRA
_o.STAFF. Colección General
_d21259
980 _81
_gALBERTO SANCHEZ Responsable de Automatización